THE ART AND SCIENCE OF BABY AND CHIELD CARE (Record no. 14697)

MARC details
000 -LEADER
fixed length control field 00358nam a22001577a 4500
003 - CONTROL NUMBER IDENTIFIER
control field SGT
020 ## - INTERNATIONAL STANDARD BOOK NUMBER
International Standard Book Number 978-81-239-2500-4
082 ## - DEWEY DECIMAL CLASSIFICATION NUMBER
Classification number 613.0432
100 ## - MAIN ENTRY--PERSONAL NAME
Personal name SINGH, MEHARBAN
245 ## - TITLE STATEMENT
Title THE ART AND SCIENCE OF BABY AND CHIELD CARE
250 ## - EDITION STATEMENT
Edition statement 4TH
260 ## - PUBLICATION, DISTRIBUTION, ETC. (IMPRINT)
Place of publication, distribution, etc NEW DELHI
Name of publisher, distributor, etc C.B.S. PUB
Year of Publication 2015
300 ## - PAGE DESCRIPTION
No. of Pages 403
650 ## - SUBJECT ADDED ENTRY--TOPICAL TERM
Topical term or geographic name as entry element AYURVEDA
942 ## - ADDED ENTRY ELEMENTS (KOHA)
Source of classification or shelving scheme Dewey Decimal Classification
Koha item type Books
942 ## - ADDED ENTRY ELEMENTS (KOHA)
-- 1
Holdings
Withdrawn status Lost status Source of classification or shelving scheme Damaged status Not for loan Collection code Home library Current library Shelving location Date acquired Vendor Name Cost, normal purchase price SGTU Bill Number Total Checkouts Full call number Accession No. (Barcode) Date last seen Date last borrowed Bill Date Koha item type Use restrictions
    Dewey Decimal Classification     AYURVEDA SGT FA-FP Library SGT FA-FP Library Text Book 24/01/2018 AHUJA PUB 395.00 SGTU 9136 4 613.0432 FA7751 21/08/2019 08/08/2019 04/01/2018 Books  
    Dewey Decimal Classification     AYURVEDA SGT FA-FP Library SGT FA-FP Library Text Book 24/01/2018 AHUJA PUB 395.00 SGTU 9136 4 613.0432 FA7752 02/04/2021 24/03/2021 04/01/2018 Books  
    Dewey Decimal Classification     AYURVEDA SGT FA-FP Library SGT FA-FP Library Text Book 24/01/2018 AHUJA PUB 395.00 SGTU 9136 3 613.0432 FA7753 28/06/2024 28/06/2024 04/01/2018 Books  
    Dewey Decimal Classification     AYURVEDA SGT FA-FP Library SGT FA-FP Library Text Book 24/01/2018 AHUJA PUB 395.00 SGTU 9136   613.0432 FA7754 24/01/2018   04/01/2018 Books  
    Dewey Decimal Classification     AYURVEDA SGT FA-FP Library SGT FA-FP Library Reference Book 24/01/2018 AHUJA PUB 395.00 SGTU 9136   613.0432 FA7755 24/01/2018   04/01/2018 Books Restricted Access